सदगुरु श्रीसमर्थ साटममहाराज (Record no. 84742)

MARC details
000 -LEADER
fixed length control field 00705nam a2200181Ia 4500
008 - FIXED-LENGTH DATA ELEMENTS--GENERAL INFORMATION
fixed length control field 090124s9999 xx 000 0 und d
082 ## - DEWEY DECIMAL CLASSIFICATION NUMBER
Item number 6611
100 ## - MAIN ENTRY--PERSONAL NAME
Personal name वायंगणकर र. ग.
245 ## - TITLE STATEMENT
Title सदगुरु श्रीसमर्थ साटममहाराज
250 ## - EDITION STATEMENT
Edition statement 2
260 ## - PUBLICATION, DISTRIBUTION, ETC. (IMPRINT)
Name of publisher, distributor, etc कला ज्ञानदेव खानोलकर
Date of publication, distribution, etc 1974
300 ## - PHYSICAL DESCRIPTION
Extent 190
600 ## - SUBJECT ADDED ENTRY--PERSONAL NAME
Personal name वायंगणकर र. ग.
630 ## - SUBJECT ADDED ENTRY--UNIFORM TITLE
Uniform title सदगुरु श्रीसमर्थ साटममहाराज
700 ## - ADDED ENTRY--PERSONAL NAME
Personal name वायंगणकर र. ग.
730 ## - ADDED ENTRY--UNIFORM TITLE
Uniform title सदगुरु श्रीसमर्थ साटममहाराज
942 ## - ADDED ENTRY ELEMENTS (KOHA)
Koha item type Book
Holdings
Withdrawn status Lost status Damaged status Not for loan Home library Current library Date acquired Cost, normal purchase price Total Checkouts Full call number Barcode Date last seen Cost, replacement price Price effective from Koha item type
        Nagar Wachan Mandir, Thane Nagar Wachan Mandir, Thane   10.00   6611 THNNWM-6611 01/24/2009 10.00 01/24/2009 Book